000 01032cam a2200217 4500
001 ABS63710
008 000000n2001 000 0 eng u
035 _a(Sirsi) u111478
100 _aOsborne, H.
245 _aAgents join the dots to generate sales
260 _c2001
490 _aEstates Gazette
_v(0110) 10 March 2001, 140-142(2)
520 _aSuggests that internet house sales are no longer dominated by dot.coms. Aggregators are starting to be supplanted by agents' in-house sites. This is in part due to the frustration caused by providing data to outside sites. For each site requires information in a different format. Updating outside listings can therefore be a very time consuming process for agents. Discusses and compares the service offered by two aggregator residential sites: Fish4homes and Propertyfinder.
590 _aABS
650 _aRESIDENTIAL SALES
650 _aWEBSITES
650 _aPROPERTYFINDER
650 _aFISH4HOMES
690 _aINFORMATION TECHNOLOGY-INTERNET
942 _n0
999 _c66423
_d66423